Rytíř, voják, kavalír, lovec : historické zbraně 15.-19. století : [katalog výstavy] : Jihočeské muzeum České Budějovice, květen 1996-leden 1997 /

Korporativní autor: Jihočeské muzeum (České Budějovice, Česko)
Další autoři: Rytíř, voják, kavalír, lovec, Vaverková, Zuzana
Jazyk: Čeština
Vydáno: České Budějovice : Jihočeské muzeum, 1996
Témata:
Fyzický popis: 62 s. : il. ; 25 cm
Knihy
Uloženo v:
LEADER 01382nam a2200349 a 4500
001 000083984
003 CZ BrMZK
005 20220120192726.0
007 ta
008 960815s1996 xr e c 0 cze d
015 |a cnb000152493 
020 |a 80-900155-1-4 
035 |a (OCoLC)37674179 
040 |a BOA001  |b cze 
045 |a s-w- 
072 7 |a 623  |x Vojenská technika  |2 Konspekt  |9 19 
080 |a 623.4  |2 MRF 
080 |a (083.824)  |2 MRF 
111 2 |a Rytíř, voják, kavalír, lovec  |d (1996-1997 :  |c České Budějovice, Česko)  |7 xx0039526 
245 1 0 |a Rytíř, voják, kavalír, lovec :  |b historické zbraně 15.-19. století : [katalog výstavy] : Jihočeské muzeum České Budějovice, květen 1996-leden 1997 /  |c [katalog zpracovala] Zuzana Vaverková 
246 1 4 |a Historické zbraně 15.-19. století 
260 |a České Budějovice :  |b Jihočeské muzeum,  |c 1996 
300 |a 62 s. :  |b il. ;  |c 25 cm 
648 7 |a 15.-19. století  |7 ch757038  |2 czenas 
650 0 7 |a historické zbraně  |7 ph120735  |y 15.-19. století  |2 czenas 
655 7 |a katalogy výstav  |7 fd132536  |2 czenas 
700 1 |a Vaverková, Zuzana  |4 aut 
710 2 |a Jihočeské muzeum (České Budějovice, Česko)  |7 kn20010724341 
910 |a BOA001  |b 3-1022.727 
990 |a BK 
991 |b 200705 
996 6 |b 2610039210  |c 3-1022.727  |l MZK  |r Sklad / do 1 hodiny  |n 12  |p p.v.  |w 000083984  |u 000010  |a 1  |e BOA001  |j MZK50  |s P